G50-沪渝高速公路途径行政区 - Statistics

General Stats
  • This quiz has been taken 16 times
  • The average score is 16 of 19
Answer Stats
Answer % Correct
上海
100%
苏州
100%
湖州
86%
荆州
86%
宜昌
86%
恩施州
86%
重庆
86%
宣城
79%
芜湖
79%
铜陵
79%
池州
79%
安庆
79%
黄冈
79%
黄石
79%
鄂州
79%
武汉
79%
孝感
79%
仙桃
79%
潜江
79%
No matching quizzes found
Score Distribution
Percent of People with Each Score
Percentile by Number Answered
Your Score History
You have not taken this quiz